000 00709nam a2200289Ia 4500
005 20260324150228.0
008 008 260324s9999 xx 000 0 eng d
020 _a9780429262685
037 _aEBOOK
040 _aCRL
040 _beng
040 _cCRL
041 _2eng
041 _aeng
084 _qCRL
100 _aFrancis Klingender; Evelyn Antal; John P Harthan
_91225701
245 0 _aAnimals in Art and Thought
245 0 _bTo the End of the Middle Ages
260 _bTaylor and Francis
260 _c1971
365 _a
365 _b300
856 _uhttp://www.taylorfrancis.com/books/9780429262685
942 _cEBOOK
999 _c1834803
_d1834803